Pricing, distribution and employment : Economics of an enterprise system

Đã lưu trong:
書目詳細資料
主要作者: Bain, Joe S.
格式: 圖書
語言:Undetermined
出版: New York Henry Holt and Company 1948
主題:
標簽: 添加標簽
沒有標簽, 成為第一個標記此記錄!
Thư viện lưu trữ: Trung tâm Học liệu Trường Đại học Cần Thơ
LEADER 00517nam a2200181Ia 4500
001 CTU_79519
008 210402s9999 xx 000 0 und d
082 |a 332.6 
082 |b B162 
100 |a Bain, Joe S. 
245 0 |a Pricing, distribution and employment : 
245 0 |b Economics of an enterprise system 
245 0 |c Joe S. Bain 
260 |a New York 
260 |b Henry Holt and Company 
260 |c 1948 
650 |a Income,Investments,Pricing 
980 |a Trung tâm Học liệu Trường Đại học Cần Thơ